000 00391cam a2200157ua 4500
041 _aeng
_h
082 _a828.09
_bWAR/IL
100 _aWard, A C .
245 _aIllustrated History of English literature vol-l /
_cA C Ward.
_hTextual Documents
250 _a1 /
_b.
260 _aLondon :
_bLongman ,
_c1967.
300 _a244 ; .
504 _a
942 _cBK
999 _c12127
_d12127